| 000 | 00636nam a22002297a 4500 | ||
|---|---|---|---|
| 005 | 20170124110209.0 | ||
| 010 | _aA-951445 | ||
| 020 | _c00.00 | ||
| 035 | _aA-951445 | ||
| 037 | _bCen Lib/Ret | ||
| 040 |
_aDPL _bEN |
||
| 082 |
_a000 _bDHI |
||
| 100 |
_aDhillon, Rajendar _937931 |
||
| 245 |
_aGeneral Knowledge / _cby Rajendar Dhillon |
||
| 260 |
_aDelhi _bDhillon Group Publications _c1999 |
||
| 270 |
_aDelhi _bDelhi _e110028 |
||
| 300 |
_aVarious Pages _c23cm(Hb) |
||
| 650 |
_aGeneral Knowledge _937932 |
||
| 650 |
_aDefence Service Examination _937933 |
||
| 700 | _937914 | ||
| 942 |
_2ddc _cEN _h000 _mDHI |
||
| 999 |
_c133432 _d133432 |
||